• 首页
  • 本馆介绍
  • 公告通知
  • 最新文献
  • 馆藏检索
  • 电子资源
  • 读者导购
  • 参考咨询
  • 我的图书馆
  • 登录
  • 详细信息显示
  • 放入我的书架
  • 预约/预借图书
  • 作者相关作品
  • 分类相关作品
  • 丛书相关作品
  • 出版社相关作品

书目信息

  • 表格格式
  • 工作单格式
  • 卡片格式
题名:
无机合成与制备化学
    
 
作者: 徐如人 , 庞文琴 , 霍启升 主编
分册: 下册  
出版信息: 北京   高等教育出版社  2020.12
页数: 555页
开本: 26cm
丛书名:
单 册:
中图分类: O611.4 , TQ12
科图分类:
主题词: 无机化学--合成化学 , 无机化合物--制备
电子资源:
ISBN: 978-7-04-025553-9
000 01035nam0 2200301 45
001 012001002908
005 20211020090858.03
010    @a978-7-04-025553-9@dCNY60.00
100    @a20090415d2009 em y0chiy50 ea
101 0  @achi
102    @aCN@b110000
105    @aa z 001yy
106    @ar
200 1  @a无机合成与制备化学@Awu ji he cheng yu zhi bei hua xue@h下册@b专著@f徐如人,庞文琴,霍启升主编
205    @a2版
210    @a北京@c高等教育出版社@d2020.12
215    @a555页@c图@d26cm
304    @a共同题名:Inorganic synthesis and preparative chemistry
330    @a本书内容包括:多孔材料的合成化学,先进陶瓷材料的制备化学,非晶态材料及其制备化学,纳米粒子与材料的制备化学。
606 0  @a无机化学@x合成化学
606 0  @a无机化合物@x制备
690    @aO611.4@v4
690    @aTQ12@v4
701  0 @a徐如人@Axu ru ren@f(1932~)@4主编
701  0 @a庞文琴@Apang wen qin@c(女,@f1931~)@4主编
701  0 @a霍启升@Ahuo qi sheng@f(1962~)@4主编
801  2 @aCN@bBJSDL@c20211018
905    @b1350784-7@dO611.4@e38:2=2@f4
    
    无机合成与制备化学.下册/徐如人,庞文琴,霍启升主编.-2版.-北京:高等教育出版社,2020.12
    555页:图;26cm
    
    
    ISBN 978-7-04-025553-9:CNY60.00
    本书内容包括:多孔材料的合成化学,先进陶瓷材料的制备化学,非晶态材料及其制备化学,纳米粒子与材料的制备化学。
●
相关链接 在E读中查询图书 在五车中查询图书 在当当中查询图书 在豆瓣中查询图书


正题名:无机合成与制备化学     索取号:O611.4/38:2=2         预约/预借

序号 登录号 条形码 馆藏地/架位号 状态 备注
1 1350784   213507846   第二样本阅览室/ [索取号:O611.4/38:2=2] 在馆    
2 1350785   213507855   第三借阅区/ [索取号:O611.4/38:2=2] 在馆    
3 1350786   213507864   第三借阅区/ [索取号:O611.4/38:2=2] 在馆    
4 1350787   213507873   第三借阅区/ [索取号:O611.4/38:2=2] 在馆    
唐山师范学院图书馆 欢迎您!
大连网信软件有限公司© 版权所有